[Event "Let's Play Chess!"]
[Site "http://www.queenalice.com/game.php?id=1802522"]
[Date "2022.12.25"]
[Round "-"]
[White "FreitasPC"]
[Black "igor12345"]
[Result "0-1"]
[WhiteElo "1480"]
[BlackElo "2150"]

1. d4 d5 2. c4 e6 3. Nf3 h6 4. Nc3 Nf6 5. e3 a6 6. cxd5 exd5 7. Be2 Bd6 8. O-O
O-O 9. a3 Bf5 10. b4 b5 11. Bb2 c6 12. Rc1 Qd7 13. Bd3 a5 14. Bxf5 Qxf5 15. Qc2
Qe6 16. Ra1 axb4 17. axb4 Rxa1 18. Rxa1 Bxb4 19. Ra8 Qc8 20. Ne5 Qb7 21. Ra1
Nfd7 22. Nxd7 Nxd7 23. Qc1 Ra8 24. Rxa8+ Qxa8 25. Qa1 Qxa1+ 26. Bxa1 f5 27. Kf1
Nb6 28. Ke2 Kf7 29. f3 Bxc3 30. Bxc3 g5 31. Bb4 h5 0-1

[Event "AUTO-OPEN-4411"]
[Site "http://www.queenalice.com/game.php?id=1802577"]
[Date "2022.12.25"]
[Round "1"]
[White "FreitasPC"]
[Black "bdpq"]
[Result "0-1"]
[WhiteElo "1640"]
[BlackElo "1734"]

1. d4 d5 2. c4 dxc4 3. Nc3 e6 4. e4 Bb4 5. Bxc4 Bxc3+ 6. bxc3 Nf6 7. Nf3 Nxe4 8.
Qc2 f5 9. Qb3 O-O 10. Bxe6+ Bxe6 11. Qxe6+ Kh8 12. Ne5 Qf6 13. Qxf6 Nxf6 14. O-O
h6 15. Ng6+ Kg8 16. Nxf8 Kxf8 17. Ba3+ Kg8 18. f3 Nc6 19. Rfe1 Nd5 20. Bb2 f4
21. c4 Ne3 22. Re2 Nxc4 23. Rc1 b5 24. d5 Nb4 25. Rxc4 bxc4 26. Re4 Nd3 27. Be5
Nxe5 28. Rxf4 c3 29. Re4 Re8 30. Re3 c2 31. Rc3 Nd3 0-1

[Event "AUTO-OPEN-4411"]
[Site "http://www.queenalice.com/game.php?id=1802578"]
[Date "2022.12.25"]
[Round "1"]
[White "bdpq"]
[Black "FreitasPC"]
[Result "1-0"]
[WhiteElo "1708"]
[BlackElo "1639"]

1. e4 c5 2. d4 cxd4 3. Qxd4 Nc6 4. Qd1 e5 5. Be3 Nf6 6. Bb5 Nxe4 7. f3 Qh4+ 8.
g3 Nxg3 9. Bf2 Qb4+ 10. Nc3 Nxh1 11. Qc1 Nxf2 12. Kxf2 Bc5+ 13. Kg2 Nd4 14. a3
Qa5 15. b4 Bxb4 16. axb4 Qxb4 17. Qe3 f6 18. Qd3 Nxb5 19. Nxb5 O-O 20. Nd6 Qd4
21. Qb3+ 1-0

[Event "AUTO-OPEN-4411"]
[Site "http://www.queenalice.com/game.php?id=1802579"]
[Date "2022.12.25"]
[Round "1"]
[White "FreitasPC"]
[Black "Nille"]
[Result "0-1"]
[WhiteElo "1490"]
[BlackElo "1849"]

1. d4 d5 2. c4 dxc4 3. Nc3 e6 4. e4 h6 5. Bxc4 a6 6. Nf3 Nf6 7. O-O b5 8. Bd3
Bb7 9. Re1 Bb4 10. Bd2 O-O 11. Qb3 Ba5 12. e5 Nd5 13. Nxd5 Bxd5 14. Qc2 Bxf3 15.
Bxa5 Nc6 16. Bc3 Bd5 17. Be4 b4 18. Bxd5 Qxd5 19. Bd2 Nxd4 0-1

[Event "AUTO-OPEN-4411"]
[Site "http://www.queenalice.com/game.php?id=1802580"]
[Date "2022.12.25"]
[Round "1"]
[White "Nille"]
[Black "FreitasPC"]
[Result "1-0"]
[WhiteElo "1851"]
[BlackElo "1488"]

1. e4 c5 2. Nf3 Nc6 3. Bb5 d6 4. Bxc6+ bxc6 5. d3 g6 6. h3 Bg7 7. c3 Nf6 8. Be3
O-O 9. Nbd2 Rb8 10. b3 Nd7 11. d4 cxd4 12. Nxd4 c5 13. Nc6 Qb6 14. Nxe7+ Kh8 15.
Nc4 Qc7 16. Nd5 Qc6 17. f3 Nf6 18. Ne7 Qd7 19. Nxc8 1-0

[Event "AUTO-OPEN-4413"]
[Site "http://www.queenalice.com/game.php?id=1803033"]
[Date "2022.12.31"]
[Round "1"]
[White "FreitasPC"]
[Black "Bordon"]
[Result "0-1"]
[WhiteElo "1609"]
[BlackElo "1782"]

1. d4 d5 2. c4 c6 3. Nc3 Nf6 4. e3 Bf5 5. Nf3 Nbd7 6. cxd5 cxd5 7. Bd3 Bxd3 8.
Qxd3 e6 9. O-O a6 10. a3 Bd6 11. b4 Qc7 12. Bb2 Ng4 13. g3 h5 14. b5 h4 15. Ne2
hxg3 16. fxg3 Nxh2 17. Nxh2 Bxg3 18. Nf4 Bxh2+ 19. Kg2 Bxf4 20. Rxf4 Rc8 21. Rf2
Rh2+ 22. Kf1 Rxf2+ 23. Kxf2 Qc2+ 0-1

[Event "AUTO-OPEN-4413"]
[Site "http://www.queenalice.com/game.php?id=1803034"]
[Date "2022.12.31"]
[Round "1"]
[White "Bordon"]
[Black "FreitasPC"]
[Result "1-0"]
[WhiteElo "1778"]
[BlackElo "1486"]

1. e4 c5 2. Nc3 d6 3. Bb5+ Nc6 4. f4 Bd7 5. Bxc6 Bxc6 6. d3 Nf6 7. Nf3 e6 8. O-O
Be7 9. Qe1 O-O 10. Be3 a6 11. e5 dxe5 12. fxe5 Nd5 13. Bd2 b5 14. Qg3 b4 15. Bh6
g6 16. Bxf8 Bxf8 17. Nxd5 Bxd5 18. c4 Bb7 19. Ng5 Bh6 20. Ne4 Bxe4 21. dxe4 Qd4+
22. Kh1 Qxb2 23. Qb3 Qxb3 24. axb3 Bg7 25. Ra5 1-0

[Event "AUTO-ADV-4666"]
[Site "http://www.queenalice.com/game.php?id=1803094"]
[Date "2022.12.31"]
[Round "1"]
[White "Canaye"]
[Black "FreitasPC"]
[Result "1-0"]
[WhiteElo "1818"]
[BlackElo "1551"]

1. d4 d5 2. c4 c6 3. Nc3 Nf6 4. cxd5 cxd5 5. h3 Bf5 6. Bf4 e6 7. e3 a6 8. Nf3
Bd6 9. Be2 Bxf4 10. exf4 Nc6 11. O-O O-O 12. Nh4 Ne7 13. Nxf5 Nxf5 14. Rc1 Qb6
15. Na4 Qxd4 16. g3 Qxd1 17. Rfxd1 Rac8 18. Nb6 Rxc1 19. Rxc1 Nd4 20. Bd3 g6 21.
Kg2 Nc6 22. a3 Rd8 23. Na4 Nd4 24. Rc7 Rd7 25. Rxd7 Nxd7 26. Nc3 Nc5 27. Bb1 1-0

[Event "AUTO-ADV-4666"]
[Site "http://www.queenalice.com/game.php?id=1803095"]
[Date "2022.12.31"]
[Round "1"]
[White "FreitasPC"]
[Black "Canaye"]
[Result "0-1"]
[WhiteElo "1546"]
[BlackElo "1823"]

1. d4 e6 2. c4 d5 3. Nf3 dxc4 4. Nc3 Nf6 5. e4 c5 6. d5 exd5 7. exd5 Be7 8. Bxc4
Bg4 9. Be2 O-O 10. O-O h6 11. a3 Re8 12. Ne5 Bxe2 13. Nxe2 Nxd5 14. Nf4 Nxf4 15.
Bxf4 Nd7 16. Qxd7 Qxd7 17. Nxd7 b6 18. Rad1 Rad8 19. Ne5 Bf6 20. Rxd8 Rxd8 21.
Rc1 g5 22. Bg3 Rd2 23. b4 Bxe5 24. Bxe5 Re2 25. Bg3 c4 26. Kf1 Re4 0-1

[Event "AUTO-INT-3791"]
[Site "http://www.queenalice.com/game.php?id=1803138"]
[Date "2022.12.31"]
[Round "1"]
[White "FreitasPC"]
[Black "Carlos19"]
[Result "0-1"]
[WhiteElo "1581"]
[BlackElo "1532"]

1. d4 d5 2. c4 dxc4 3. Nc3 e6 4. e4 Nc6 5. Nf3 Nf6 6. Bxc4 h6 7. O-O a6 8. a3 b5
9. Ba2 b4 10. axb4 Nxb4 11. Bb3 g5 12. Ba4+ c6 13. e5 Nfd5 14. Nxd5 Nxd5 0-1

[Event "AUTO-INT-3791"]
[Site "http://www.queenalice.com/game.php?id=1803139"]
[Date "2022.12.31"]
[Round "1"]
[White "Carlos19"]
[Black "FreitasPC"]
[Result "1-0"]
[WhiteElo "1513"]
[BlackElo "1600"]

1. e4 c5 2. Bc4 e6 3. d3 Be7 4. Nf3 d6 5. Nc3 Nc6 6. Bf4 e5 7. Bg3 Nf6 8. a3 O-O
9. h3 Nd4 10. Nxd4 cxd4 11. Nd5 Nxd5 12. Bxd5 Rb8 13. b4 Be6 14. Bxe6 1-0

[Event "AUTO-INT-3791"]
[Site "http://www.queenalice.com/game.php?id=1803140"]
[Date "2022.12.31"]
[Round "1"]
[White "FreitasPC"]
[Black "dosoldini"]
[Result "1-0"]
[WhiteElo "1628"]
[BlackElo "1485"]

1. d4 d5 2. c4 e6 3. Nf3 f6 4. Nc3 Bb4 5. e3 Ne7 6. cxd5 Bxc3+ 7. bxc3 Nxd5 8.
c4 Nc3 9. Qc2 O-O 10. Qxc3 Nc6 11. Be2 f5 12. O-O Qf6 13. Bb2 Ne7 14. Rad1 b6
15. d5 Qxc3 16. Bxc3 exd5 17. cxd5 Bb7 18. d6 cxd6 19. Rxd6 Rac8 20. Rd7 Bxf3
21. Bxf3 Rfe8 22. Bd4 Kh8 23. Rxa7 Rcd8 24. Rd1 Rxd4 25. Rxd4 Kg8 26. Rdd7 g6
27. Rxe7 Rxe7 28. Rxe7 1-0

[Event "AUTO-INT-3791"]
[Site "http://www.queenalice.com/game.php?id=1803141"]
[Date "2022.12.31"]
[Round "1"]
[White "dosoldini"]
[Black "FreitasPC"]
[Result "1-0"]
[WhiteElo "1459"]
[BlackElo "1632"]

1. g3 e5 2. e4 d6 3. Bg2 Nf6 4. Bf3 c5 5. d3 Be7 6. Nc3 Nc6 7. Bd2 a6 8. a3 O-O
9. g4 Nd4 10. g5 Nxf3+ 11. Nxf3 Nd7 12. Rg1 g6 13. Nd5 f5 14. Qe2 Nb6 15. Ba5
Qe8 16. Nc7 Qa4 17. Bxb6 Rb8 18. Nd5 Rf7 19. h4 f4 20. Qf1 Qxc2 21. Nxe7+ Rxe7
22. Nd2 Qxb2 23. Rb1 Qxa3 24. Nc4 Qc3+ 25. Ke2 Rd7 26. Rd1 Rf7 27. f3 Be6 28.
Rc1 1-0